| 000 | 00962nam0a22002651 4500 | ||
|---|---|---|---|
| 001 | v19\rc\1725442 | ||
| 005 | 20061002173252.3 | ||
| 035 | _a(NLR Aleph) 004844350 | ||
| 090 |
_a4855604 _c4855604 |
||
| 100 | _a20061002d1901 |||y0rusy50 ca | ||
| 101 | 0 | _arus | |
| 102 | _aRU | ||
| 105 | _ay b ||||| | ||
| 200 | 1 | _aПоучения Иринея, епископа Екатеринбургского и Ирбитского | |
| 210 |
_aЕкатеринбург _cБратство св. Симеона Праведного, Верхотур. чудотворца _d1901 |
||
| 215 |
_a[1], IV, 364 с. _d26 |
||
| 700 | 0 |
_aИриней _cОрда, Харисим Михайлович _f1837-1904 |
|
| 790 | 1 |
_aОрда _bХ. М. _f1837-1904 _gХарисим Михайлович |
|
| 801 | 0 |
_aRU _bNLR _gpsbo |
|
| 801 | 0 |
_aRU _bRuMoRGB _2psbo |
|
| 801 | 1 |
_aRU _bProSoft-M _2rusmarc |
|
| 852 |
_aNLR _j83-7/165 |
||
| 899 |
_aRuMoRGB _jP 109/330 |
||
| 942 | _cBOOK | ||
| 980 | _aNB | ||